000 00504nam a22001577a 4500
003 macl
005 20191220131316.0
008 191220b xxu||||| |||| 00| 0 eng d
040 _cmacl
082 _a400
100 _aडॉ रूक्मिणी तिवारी
_971626
245 _aप्रयोजनमूलक मानक हिंदी
260 _aदिल्‍ली
_bहिमाचल बुक सेंटर
_c2017
650 _aभाषा
_977600
942 _2ddc
_cHIN
999 _c61612
_d61612